000 00501 a2200157 4500
020 _a9780545908832 (pbk.)
020 _a0545908833 (pbk.)
041 _aspa
100 _aDaywalt, Drew
245 _aEl dia que los crayones renunciaron / por Drew Daywalt ; ilustrado por Oliver Jeffers
260 _aNew York : Scholastic en espaoÌšl, 2016.
300 _a 1 volume (unpaged) : color illus. ;
_c26 cm
500 _aOriginal title: Day the crayons quit
700 _aJeffers, Oliver
942 _cBK
999 _c15373
_d15373